El derecho de acceso a la información en el marco jurídico interamericano

Gespeichert in:
Bibliographische Detailangaben
Körperschaften: Comisión Interamericana de Derechos Humanos, Relatoría Especial para la Libertad de Expresión (VerfasserIn), Inter American Commission on Human Rights, Office of the Special Rapporteur for Freedom of Expression (VerfasserIn)
Format: Buch
Sprache:Spanisch
Englisch
Veröffentlicht: Washington, D.C Comisión Interamericana de Derechos Humanos 2009
Washington, D.C Organización de los Estados Americanos 2009
Schriftenreihe:OEA Documentos Oficiales
Schlagworte:
Tags: Tag hinzufügen
Keine Tags, Fügen Sie den ersten Tag hinzu!

MARC

LEADER 00000cam a2200000 a 4500
001 UCG3059
003 CL-VaPUC
008 100805e20091230us |||||||||||||||||spa|d
041 0 7 |a spa  |2 CL-VaPUC 
041 0 7 |a eng  |2 CL-VaPUC 
082 0 4 |a 342.0853  |b COM  |2 21 
110 2 |a Comisión Interamericana de Derechos Humanos, Relatoría Especial para la Libertad de Expresión  |e author  |9 551857 
710 2 |a Inter American Commission on Human Rights, Office of the Special Rapporteur for Freedom of Expression  |e author  |9 551858 
245 1 3 |a El derecho de acceso a la información en el marco jurídico interamericano 
246 1 4 |a The Inter-American legal framework regarding the right to access to information 
300 |a 68 p 
942 |c BK 
945 |d 20100805 00:00:00  |a mfarfan 
260 |a Washington, D.C  |b Comisión Interamericana de Derechos Humanos  |c 2009 
260 |a Washington, D.C  |b Organización de los Estados Americanos  |c 2009 
650 0 |a Información pública   |9 257272 
650 0 |a Aspectos jurídicos  |9 328188 
650 7 |a LEGISLACION  |2 CL-VaPUC  |9 551859 
650 0 |a Derecho a la información   |9 256185 
651 0 |a América Latina   |9 255027 
583 |a last modification  |c 20140813 04:51:20  |k Rodrigo Vera 
490 0 |a OEA Documentos Oficiales 
999 |c 342157  |d 342155 
952 |0 0  |1 0  |4 0  |6 342_085300000000000_COM_2009_2009  |7 0  |8 A  |9 438162  |a BIBDER  |b BIBDER  |d 2019-11-22  |i 4704371  |o 342.0853 COM 2009 2009  |p 4704371  |r 2023-01-25  |w 2019-11-22  |y BK  |k DER